| 000 | 00371nam a22001217a 4500 | ||
|---|---|---|---|
| 020 | _a9787509015308 | ||
| 082 |
_a339.46 _bPOV 2020 |
||
| 245 |
_aPoverty Alleviation _bexperience and insights of the communist party of China |
||
| 260 |
_aBeijing _bThe Contemporary World Press _c2020 |
||
| 300 | _a271p | ||
| 942 |
_2ddc _cBK |
||
| 999 |
_c588437 _d588437 |
||